| 000 | 00969nam a22002777a 4500 | ||
|---|---|---|---|
| 005 | 20240530110605.0 | ||
| 008 | 161031s2014 ua g b 000 0 ara d | ||
| 017 |
_a2014/7384 _bمصر. دار الكتب |
||
| 020 | _a9772329670 | ||
| 040 |
_aEG-CaGPL _cEG-CaGPL |
||
| 082 |
_221 _a155.24\ _bم إ |
||
| 100 | 0 | _aمحمد احمد درويش | |
| 245 | 1 | 2 |
_aالاحتراق النفسى / _cمحمد احمد درويش |
| 250 | _aط. 1 | ||
| 260 |
_aالقاهرة : _bعالم الكتب ، _c2014 . |
||
| 300 |
_a372 ص. : _bجداول ؛ _c24 سم . |
||
| 504 | _aشتمل على ارجاعات ببليوجرافية | ||
| 650 | 0 | 7 |
_2qrmak _aالصراع النفسى |
| 650 | 0 | 7 |
_2qrmak _aالكبت |
| 650 | 0 | 7 |
_2qrmak _aالتكيف النفسى |
| 650 | 0 | 7 |
_2qrmak _aالدوافع النفسية |
| 650 | 0 | 7 |
_2qrmak _aالصراع العقلى |
| 650 | 0 | 7 |
_2qrmak _aالاحباط |
| 942 |
_2ddc _cBK |
||
| 999 |
_c62748 _d62748 |
||